000 00321nam a2200133 i 4500
001 bg
100 1 _aWIERUSZEWSKI, Roman
245 0 _aPodstawowe obowiązki obywateli PRL /
_cR. Wieruszewski.
260 _aWrocław,
_c1984.
040 _cBPK
041 _apol
942 _cKS
008 s pl f |000 0 pol
999 _c1196
_d1196
856 _uhttp://koha.tu.koszalin.pl/cgi-bin/koha/opac-detail.pl?biblionumber=1196
_yKatalog online BPK